| 000 | 00718nam a22002177a 4500 | ||
|---|---|---|---|
| 999 |
_c20595 _d20595 |
||
| 005 | 20191114101633.0 | ||
| 008 | 191114b xxu||||| |||| 00| 0 spa d | ||
| 040 |
_aCO-BoIAVH _cCO-BoIAVH |
||
| 041 | _aspa | ||
| 044 | _ack | ||
| 082 |
_a333.95416 _bP24e |
||
| 110 | _aParques Nacionales Naturales de Colombia | ||
| 245 | _aEspecies del parque Orquídeas. | ||
| 260 |
_aBogotá: _bMinisterio de Ambiente y Desarrollo Sostenible, _cs.f. |
||
| 300 |
_a35 Paginas: _bilustraciones, _c21 x 21 cm. |
||
| 650 | 0 |
_aLista de especies _vParque Orquídeas |
|
| 650 | 0 |
_aBiodiversidad _xColombia |
|
| 650 | 0 |
_aConservación de especies _vGuías |
|
| 650 | 0 | _aTaxonomía | |
| 942 |
_2ddc _cLIBRO |
||